| Поле | Название | Значение |
| |
Тип записи |
a |
| |
Библиографический уровень |
m |
| 001 |
Контрольный номер |
BIBLIOCLUB\0000577933 |
| 005 |
Дата корректировки |
20220829112759.2 |
| 006 |
|
m o d |
| 007 |
Элементы данных для физической характеристики |
c||||||||||||| |
| 008 |
Кодируемые данные |
s2018 rus o rus d |
| 020 |
Индекс ISBN |
__ |
| a |
ISBN |
978-5-8064-2636-0 |
| 041 |
Код языка издания |
0_ |
| a |
Код языка текста |
rus |
| 084 |
Индекс другой классификации/Индекс ББК |
__ |
| a |
Индекс другой классификации/Индекс ББК |
81.0 |
| b |
Номер единицы |
LBC/PL |
| 2 |
Источник индекса |
rubbk |
| 245 |
Заглавие |
10 |
| a |
Заглавие |
Язык и текст в антропомерной науке |
| b |
Продолж. заглавия |
монография |
| c |
Ответственность |
А. Г. Гурочкина, Т. И. Воронцова, И. А. Щирова, А. В. Ачкасов, Е. А. Гончарова |
| c |
Ответственность |
под ред. И. А. Щирова |
| c |
Ответственность |
Российский государственный педагогический университет им. А. И. Герцена |
| 260 |
Выходные данные |
__ |
| a |
Место издания |
Санкт-Петербург |
| b |
Издательство |
Российский государственный педагогический университет им. А.И. Герцена (РГПУ) |
| c |
Дата издания |
2018 |
| 300 |
Физическое описание |
__ |
| a |
Объем |
416 с. |
| b |
Иллюстрации/ тип воспроизводства |
табл. |
| 504 |
Библиография |
__ |
| a |
Библиография |
Библиогр. в кн |
| 700 |
Другие авторы |
_1 |
| a |
Другие авторы |
Ачкасов А. В. |
| 700 |
Другие авторы |
_1 |
| a |
Другие авторы |
Воронцова Т. И. |
| 700 |
Другие авторы |
_1 |
| a |
Другие авторы |
Гончарова Е. А. |
| 700 |
Другие авторы |
_1 |
| a |
Другие авторы |
Гурочкина А. Г. |
| 700 |
Другие авторы |
_1 |
| a |
Другие авторы |
Щирова И. А. |
| 702 |
|
_1 |
| a |
|
Щирова |
| b |
|
И. А. |
| 4 |
|
340 |
| 856 |
Электронный адрес документа |
40 |
| 3 |
Область применения данных поля |
Университетская библиотека ONLINE |
| u |
URL |
https://biblioclub.ru/index.php?page=book&id=577933 |